| 000 | 00505nam a2200157 a 4500 | ||
|---|---|---|---|
| 001 | 000035294 | ||
| 005 | 20200930074233.0 | ||
| 008 | 111027s1954 ag 000 0 spa d | ||
| 040 |
_aDO-SdBNP _bspa _cBNPHU |
||
| 082 |
_axxx _bW938m |
||
| 100 | 1 |
_aWouk, Herman _961062 |
|
| 240 | 1 | 3 |
_aThe Caine mutiny : A novel ofwar II _lespaƱol |
| 245 | 1 | 3 |
_aEl motin del "Caine" : _bLa novela de la segunda guerra mundial / _cHerman Wouk. |
| 260 |
_aBuenos Aires : _bEdiciones Cenit, _c1954. |
||
| 300 |
_a481 p. ; _c23 cm. |
||
| 999 |
_c34785 _d34785 |
||